000 00950nam a2200217 a 4500
003 0
005 20250429110223.0
008 050808s19uu xx 00 eng d
050 _aPHS GV 706.4
_b.A73 2005
100 _aAragon, Denise C.
245 _aReasons of Southville International School and Colleges students in joining the varsity team and its relationship on the performance of the athletes /
_cDenise C. Aragon.
260 _aLas PiƱas City, Philippinres :
_bSouthville International School and Colleges,
_c2005.
300 _a34 pages :
_billustrations ;
_c28 cm.
504 _aIncludes bibliographical references.
650 _2Library of Congress Subject Headings
_aAthletes
_xRecruiting
_vPsychological aspects.
650 _2Library of Congress Subject Headings
_aStudent athletes
_xPsychology.
650 _aMotivation (Psychology).
650 _aCollege athletes
_zPhilippines
_xAttitudes.
942 _2lcc
_cPASS
999 _c97183
_d97183